This Is What Makes Us Girls--Lana Del Rey lyrics - Statistics

General Stats
  • This quiz has been taken 466 times
  • The average score is 291 of 427
Answer Stats
% Correct
I
100%
us
99%
a
98%
A
98%
we
98%
We
98%
girls
94%
is
94%
make
94%
This
94%
to
94%
and
93%
And
93%
what
93%
makes
92%
all
91%
the
90%
The
90%
how
88%
it
87%
love
87%
for
86%
cry
85%
first
85%
look
83%
put
83%
in
82%
Don't
80%
don't
80%
on
80%
heaven
79%
it's
78%
It's
78%
go
77%
of
76%
about
75%
guys
75%
guys"
75%
had
74%
"Hi
74%
hi!"
74%
used
74%
hate
73%
night?
73%
night
73%
those
73%
up
73%
party
72%
Remember
72%
eyes
71%
where
71%
"Lana
70%
her
69%
friend
68%
our
68%
out
68%
that
68%
were
68%
we're
68%
with
68%
With
68%
she
67%
sixteen
67%
Sweet
67%
when
66%
Bambi
65%
never
65%
we'd
65%
cause
64%
down
64%
Drinkin'
64%
drinkin'
64%
life
64%
Runnin'
64%
curse
63%
arrived
62%
best
62%
die
62%
real
62%
Somethin'
62%
somethin'?
62%
they
62%
They
62%
was
62%
my
61%
Mascara
60%
little
59%
taste
59%
alive
58%
gonna
58%
happen
58%
said
57%
stick
56%
There
55%
together
55%
ever
54%
Teachers
54%
as
53%
new
53%
lookin'
52%
boss
51%
"Get
50%
get
50%
High
50%
Ribbon
50%
running
50%
senior
50%
whistle
50%
Sneakin'
48%
starts
48%
Stealin'
48%
ice
47%
police
47%
While
47%
while
47%
Blue
46%
too
46%
cars
45%
town
45%
heels
44%
fun
43%
job
43%
streets
43%
hand
42%
hot
42%
hot"
42%
beginnin'
41%
begun
41%
end
41%
much
41%
small
41%
that's
41%
wind
41%
Yo
41%
swayin'
40%
Walkin'
40%
knew
39%
school
39%
you
39%
at
38%
him
38%
cops
37%
bikini
36%
from
36%
Screamin'
36%
skippin'
36%
table
36%
Everybody
35%
dancin'
34%
into
34%
tops
34%
cherry
33%
black
32%
know
32%
local
32%
shot
32%
dive
31%
take
31%
Baby's
30%
got
30%
back
29%
firelight
29%
only
29%
Pabst
29%
prettiest
29%
train
28%
I'm
27%
seen
27%
break
26%
Cryin'
26%
friends
26%
hair
26%
hotel
26%
velvet
26%
pink
25%
comin'
24%
beauty
23%
spotlight
23%
trouble
23%
schnapps
22%
away
21%
bad
21%
mean
20%
platform
20%
queens
20%
sent
20%
stuff
20%
swim
20%
Cheerin'
19%
names
19%
generation
18%
wavin'
18%
C'mon
17%
freshmen
17%
Ribbons
17%
degenerate
15%
Glimmerin'
15%
gleamed
13%
in-crowd
13%
No matching quizzes found
Score Distribution
Percent of People with Each Score
Percentile by Number Answered
Your Score History
You have not taken this quiz